000 00852nas a2200289 4500
001 BR7600180
003 BR-BrBNA
005 20231205082853.0
007 ta
008 230509b bl.|||p| |||| 00| 00por d
040 _aBR-BrBNA
_bpor
_cBiblioteca Nacional de Agricultura
041 _a(En)
072 _aF30; F70
100 1 _aTryon, A.F.
100 1 _aBatista, H.P.
100 1 _aAraujo, I. da S.
245 1 _aChromosome studies of Brazilian ferns [Samambaia, Pteridofita, Manaus, Amazonas]
650 _aTAXONOMIA VEGETAL
650 _aPLANTA ORNAMENTAL
650 _aDISTRIBUICAO GEOGRAFICA
650 _aPTERIDOFITA
650 _aSAMAMBAIA
650 _aAMAZONAS
773 0 _tActa Amazonica (Brazil)
_xISSN 0044-5967
_g(Apr 1975), v. 5(1) p. 35-43
_wBR7600180
909 _a202311
_bLúcia
_c55
_dLúcia Elande
942 _2AGRIS
_n0
_cANA
999 _c94744
_d94744